[Event "Yongchuan zt 3.3"]
[Site "Yongchuan"]
[Date "2003.07.21"]
[Round "9"]
[White "Zhao, Jun"]
[Black "Bu, Xiangzhi"]
[Result "0-1"]
[WhiteElo "2447"]
[BlackElo "2588"]
[Annotator "Ribli,Z"]
[PlyCount "104"]
[EventDate "2003.07.11"]
[EventType "tourn"]
[EventRounds "11"]
[EventCountry "CHN"]
[EventCategory "12"]
[SourceTitle "CBM 097"]
[Source "ChessBase"]
[SourceDate "2003.11.11"]
[SourceVersion "1"]
[SourceVersionDate "2003.11.11"]
[SourceQuality "1"]

1. Nf3 c5 2. c4 Nc6 3. Nc3 e5 {Mit dieser - in letzter Zeit besonders -
populären und ambitiösen Fortsetzung verhindert Schwarz die Möglichkeit 4.d4.}
4. e3 Nf6 5. Be2 d5 6. cxd5 {Dieser Zug ist nicht schlecht, aber - nach meiner
Meinung - ist die beste Fortsetzung 6.d4!?, wonach Weiß mehr Hoffnungen auf
Eröffnungsvorteil erlangt.} (6. d4 $5 e4 7. Ne5 Bd6 8. cxd5 (8. Qa4 $1) 8...
Nxe5 9. dxe5 Bxe5 10. Nxe4 Nxd5 11. f4 (11. O-O $5) 11... Bc7 12. Bb5+ Bd7 13.
Bxd7+ Qxd7 14. Nxc5 Qc6 $44 {0-1 Kraai,J-De Firmian,N/Seattle 2003/CBM 93/
[Ribli] (54)}) 6... Nxd5 7. Qc2 {Weiß spielt eigenlich die Paulsen-Variante
der Sizilianische Verteidigung, aber mit umgekehrten Farben.} (7. Bb5 Nxc3 8.
bxc3 Bd6 9. e4 O-O 10. O-O Bg4 11. Be2 Be6 12. d3 Be7 13. Be3 b5 {0-1 Zangiev,
P-Shinkevich,V/St Petersburg 2001/EXT 2002 (29)}) (7. O-O Nc7 (7... Nxc3 8.
dxc3 Qc7 9. e4 Be7 10. Nd2 Be6 11. Nc4 Rd8 12. Qc2 O-O 13. Ne3 g6 14. Bc4 {
1-0 Zvjaginsev,V-Obodchuk,A/Poikovsky 2001/CBM 84/[Hecht] (57)}) 8. b3 Be7 9.
Bb2 O-O 10. Rc1 Bf5 11. d3 b6 12. a3 f6 13. Ne4 a5 14. Nfd2 Be6 {0-1 Arsovic,
Z-Stojanovic,D/Leskovac 2002/CBM 86 ext (52)}) (7. Qa4 Nb6 (7... Nxc3 8. dxc3
Bd6 9. e4 O-O 10. O-O Bd7 11. Qc2 Qc7 12. Nd2 Na5 13. Rd1 Be6 14. Nf1 c4 15.
Ne3 {1/2-1/2 Ibragimov,I-Ernst,T/Skelleftea 1999/EXT 2000 (40)}) 8. Qc2 Be7 9.
d3 Be6 10. a3 Rc8 11. Qd1 Nd5 12. Nxd5 Qxd5 13. O-O O-O 14. Rb1 Rfd8 {1/2-1/2
Rezan,S-Sax,G/Bibinje 2001/EXT 2002 (62)}) 7... Be6 (7... a6 8. Nxe5 Nxe5 9.
Qe4 $16) 8. a3 Rc8 {[%cal Gc8c2] Nach diesem Turmzug muss Weiß in einigen
Varianten mit Nd4 rechnen.} 9. Ne4 {Weiß möchte im folgenden mit d3 und Ned2
seine Springerstellung verbessern.} (9. O-O $11) (9. d3 $11 Nd4 10. exd4 cxd4
11. Qa4+ Bd7 12. Qb3 $18) 9... f6 10. O-O Be7 11. d3 O-O 12. b3 Qd7 13. Bb2
Rfd8 $11 {Wir haben eine Igelstellung erreicht, wo Schwarz mehr Raum
kontrolliert, aber die weiße Stellung ist elastisch und die scheinbar
schwachen Bauern (b3P und d3P) sind leicht verteidigungsfähig.} 14. Rac1 {
Der c5P ist tabu, weil nach 14.Nxc5?? 14...Bxc5 15.Qxc5 Nd4 folgt mit
schwarzem Gewinn.} Na5 (14... b5 15. d4 $13) 15. Ned2 b5 $1 {[%mdl 4] Das ist
ein guter Plan für Schwarz - im folgenden kann Weiß nicht Nc4 ziehen und
Schwarz kann stufenweise seine Stellung am Damenflügel verbessern.} 16. Rfe1 $6
{Dieser Zug ist ein wenig schablonenhaft, nach meiner Meinung wäre es besser,
zuerst die Dame nach b1 zu stellen.} (16. Qb1 Nb6 17. Bc3 $11) 16... Nb6 $1 {
[%cal Gc5c4] Schwarz verhindert Qb1 und kommt danach zu c5-c4 mit starkem
Spiel am Damenflügel.} 17. Ba1 (17. Bc3 b4 {[%cal Gc8c2]} 18. Bb2 bxa3 19. Bxa3
c4 20. Bxe7 cxb3 $17) 17... c4 $1 $15 {[%csl Rc2] Dieser Durchbruch kommt
rechtzeitig, die Dame steht unglücklich auf c2.} 18. dxc4 bxc4 (18... Bxa3 19.
Rcd1 Qe7 $15 (19... bxc4 20. Nxc4 Bd6 $13)) 19. Nxc4 (19. b4 $2 Nb3 20. Nxb3
cxb3 21. Qb1 Qa4 $17) 19... Naxc4 20. bxc4 Bxa3 (20... Nxc4 $5 $17 {[%csl Ra3,
Rc2][%cal Gc8c2]}) 21. Rcd1 Qa4 22. Rxd8+ Rxd8 23. Qxa4 Nxa4 {[%csl Ra1,Ga3,
Ga7,Rc4,Ge6][%cal Gd8d1] Nach einigen Vereinfachungen haben wir eine Stellung
vor uns, wo wegen seines ernfernten Freibauern und wegen des aktives
Figurenspiel am Damenflügel Schwarz die besseren Chancen besitzt. Der c4P ist
kaum zu verteidigen und der a1B steht sehr passiv.} 24. Rb1 Nb6 25. Kf1 Nxc4
$17 {Mit Bauern mehr und starkem a-Freibauern hat Schwarz gute Gewinnchancen.}
26. Rb7 a5 (26... Rc8 $5 27. Rxa7 $2 Nd2+ 28. Nxd2 Rc1+ $19) 27. Bc3 Ra8 (27...
Bd6 {[%cal Ga5a4,Ga4a3]} 28. Ra7 Bb4 $17) 28. Rc7 Nd6 29. Nd2 Ne8 (29... a4 $17
) 30. Rc6 Bd7 (30... Kf7 $17) 31. Rb6 a4 32. Bc4+ Kh8 (32... Kf8 $17) 33. Bd5
Rc8 34. Rb7 (34. Nc4 Bf8 $17) 34... Rc7 (34... Bf5 35. e4 Nd6 36. Ra7 Bg6 37.
Nb1 Nxe4 38. Rxa4 Nxc3 39. Nxc3 Bb2 $17) 35. Ke2 Rxb7 36. Bxb7 Bb5+ {[%mdl
4096] Nach dem Turmtausch wird die schwarze Aufgabe einfacher: Der Freibauer
muss sich früher oder später durchsetzen.} 37. Kd1 Nd6 38. Bd5 Bd3 39. Bc6 Nb5
40. Ba5 (40. Bxb5 Bxb5 $19 {[%csl Ga3,Gb5]}) 40... Be7 (40... Bb2 41. Bxb5 Bxb5
42. Kc2 a3 $17) 41. Kc1 h5 $1 {Schwarz möchte endlich seinen König
mobilisieren.} 42. Kb2 Kh7 43. Bf3 Kg6 (43... h4 $17) 44. Bd1 a3+ 45. Kb3 h4
46. h3 f5 {[%cal Ge5e4]} 47. Bc3 (47. f3 e4 $19) 47... Nxc3 48. Kxc3 e4 $19 {
[%cal Ge7f6,Gf6c3] Endlich kommt auch der dunkelfarbige Läufer ins Spiel.} 49.
Bb3 Bf6+ 50. Kb4 Bb2 51. Ba2 Kg5 52. f4+ Kf6 {[%cal Rb2c1,Rc1e3,Gd3f1,Gf1h3]} (
52... Kf6 53. Kb3 Bc1 54. Kc3 Bxd2+ 55. Kxd2 Bf1 $19) 0-1

[Event "Dubai op"]
[Site "Dubai"]
[Date "2001.04.16"]
[Round "2"]
[White "Minasian, Artashes"]
[Black "Ravi, Thandalam Shanmugam"]
[Result "1-0"]
[WhiteElo "2554"]
[BlackElo "2385"]
[Annotator "Ribli,Z"]
[PlyCount "81"]
[EventDate "2001.04.15"]
[EventType "swiss"]
[EventRounds "9"]
[EventCountry "UAE"]
[SourceTitle "CBM 083"]
[Source "ChessBase"]
[SourceDate "2001.07.05"]
[SourceVersion "1"]
[SourceVersionDate "2001.07.05"]
[SourceQuality "1"]

1. c4 c5 2. g3 Nf6 3. Bg2 d5 4. cxd5 Nxd5 5. Nc3 Nc7 6. Qa4+ $5 {Dieser Zug
wird relativ selten gespielt, der andere Damezug ist populärer. Die Idee
beider Züge besteht darin, die Öffnung der Diagonale des Bg2 auszunutzen.} (6.
Qb3 Nc6 7. Bxc6+ bxc6 8. Nf3 f6 9. d3 e5 10. Qa4 {Weiß hat zwar die bessere
Bauernstruktur, aber aufgrund des Läuferpaares hat Schwarz Gegenchancen.}) (6.
Nf3 {Dieser Zug führt zur Hauptvariante des Systems Nc7.} Nc6) 6... Qd7 (6...
Bd7 7. Qc4 Nc6 8. Qxc5 Rc8 9. Nf3 Na6 10. Qd5 Nab4 11. Qe4 g6 12. O-O Bf5 13.
Qh4 Nc2 14. Rb1 $14) (6... Nd7 7. Nf3 Rb8 8. O-O b5 9. Qh4 e5 10. Qxd8+ Kxd8
11. d3 f6 $11) 7. Nf3 (7. d3 e5 8. Qxd7+ Nxd7 9. f4 exf4 10. Bxf4 Ne6 11. Nb5
Nf6 12. Rc1 Nxf4 13. gxf4 Kd8 14. Nf3 Bd7 15. Nc3 Bc6 16. Rg1 g6 17. Ng5 Bxg2
18. Rxg2 Ke7 19. Nge4 b6 {1/2-1/2 Vaulin,A-Konguvel,P/Koszalin 1998/CBM 65 ext
(29)}) (7. Qc4) (7. Qe4 e6 8. Nf3 Nc6 9. O-O Be7 10. Rd1 Bf6 $11) 7... Nc6 {
Dieser Zug scheint mir logischer als der Damentausch.} (7... Qxa4 8. Nxa4 Ne6
9. b3 Nc6 10. Ba3 Nb4 11. Kd1 a5 12. Nb6 Rb8 13. Nxc8 Rxc8 14. Ne5 Rb8 15. Nc4
b6 16. Bb2 Nd8 17. Be5 {1-0 Ivanchuk,V-Van Wely,L/Frankfurt 2000/CBM 76 ext 
(17)}) 8. O-O {Durch Zugumstellung haben wir die Variante 6.Nf3 Nc6 7.Qa4 Qd7
8.0-0 erreicht. Bei der Zugfolge unserer Partie scheint mir jedoch der Zug 7...
Bd7 nach 7.Qa4 stärker.} e5 $6 (8... g6 $5) 9. a3 {Das ist ein für solche
Stellungen typischer Zug - Weiß bereitet 10.b4 vor.} (9. e3 $5 Be7 10. Rd1 O-O
11. d4 exd4 12. exd4 Nxd4 13. Qxd7 Bxd7 14. Nxd4 cxd4 15. Bxb7 $16) 9... f6 (
9... Be7 10. b4 cxb4 (10... f6 11. bxc5 Bxc5 12. e3 Bb6 13. Rd1 O-O 14. d4 {
1-0 Pytel,K-Sanz Alonso,F/Buenos Aires 1978/EXT 2000 (30)}) 11. axb4 a6 12. Qb3
Qe6 13. Qxe6 Bxe6 14. b5 axb5 15. Rxa8+ Nxa8 16. Nxb5 O-O 17. d3 {1/2-1/2
Permiakov,V-Beketov,P/Novosibirsk 1995/CBM 49 ext (52)}) (9... Rb8 10. e3 Be7
11. Rd1 Qf5 12. d3 Bd7 13. Qc2 O-O 14. b3 Rbc8 15. Bb2 Qh5 16. Re1 Rfd8 17.
Rac1 Be6 18. Ne4 {1-0 Vaganian,R-Forintos,G/Rome 1977/EXT 99 (85)}) 10. e3 {
Weiß bereitet den Zug d2-d4 vor, wonach das scheinbar starke schwarze Zentrum
plötzlich vernichtet wäre.} Ne6 {Auf diese Weise verhindert Schwarz zwar den
Vorstoß d2-d4, aber der Ne6 steht unglücklich.} (10... Be7 11. Rd1 Ne6 (11...
Rb8 12. d4 exd4 13. exd4 b5 14. Qc2 cxd4 15. Bf4 b4 16. Bxc7 Qxc7 17. Nd5 Qd6
18. Nxd4 Nxd4 19. Rxd4 O-O 20. Rad1 Bd8 21. Qc4 Kh8 22. Nf4 {1-0 Uhlmann,
W-Mariotti,S/Manila 1976/IZT (22)}) 12. Qc4 Rb8 13. b4 b5 14. Nxb5 e4 15. Ne1
Ng5 16. Nc3 Ne5 17. Qe2 Qg4 18. d4 Nef3+ 19. Bxf3 Nxf3+ 20. Nxf3 exf3 21. Qf1 {
1/2-1/2 Rechmann,K-Stielfried,M/Stetten 1988/EXT 97 (52)}) (10... Rb8 11. Rd1
b5 12. Qc2 c4 13. d3 cxd3 14. Rxd3 Qe6 15. e4 Na5 16. Be3 a6 17. Na2 Na8 18.
Nd2 Bb7 19. b4 Rc8 20. Rc3 Nc6 21. Nb3 {1-0 Diesen,M-Brasket,C/Lone Pine 1977/
MCD (28)}) 11. Nh4 {[%mdl 32] Das ist eine interessante Idee: wenn d2-d4 nicht
geht, versucht man es eben mit f2-f4.} Be7 (11... Bd6) 12. f4 exf4 $6 {Dieser
Zug gefällt mir nicht, denn er stärkt nur die weiße Bauernstellung im Zentrum.}
(12... O-O $5) 13. gxf4 O-O 14. f5 $14 {Weiß hat Raumvorteil, und sein Bg2
steht stark. Es ist wahr, dass Weiß Probleme bei der Entwicklung des Bc1, aber
Schwarz ergeht es mit seinem Bc8 kaum besser..} Nc7 15. Qb3+ Rf7 (15... Kh8 16.
Rf4 {Droht 17.Ng6+ und 18.Rh4#.} Ne5 17. d4 $14) 16. Nd5 {Droht 17.Nxc7 und 18.
Bd5.} Na5 17. Nxe7+ (17. Qa2) 17... Qxe7 18. Qc3 Nc6 19. d4 {Endlich spielt
Weiß diesen aktiven Zug. Sein Bc1 darf nun hoffen, bald ins Spiel zu kommen.}
cxd4 20. exd4 Qd6 (20... Qd7 {Dieser sonderbare Zug verhindert die
Damentauschmotive mit Qc5.} 21. Rd1 Nb5 22. Qc5 $14) 21. Rd1 Nd5 (21... Ne7 $5
{[%cal Ge7d5]}) 22. Qc5 Rd7 (22... Qxc5 23. dxc5 Nde7 24. Bf4 $14) 23. Re1 (23.
b4) 23... Qxc5 $6 {Damit verbessert Schwarz die gegnerische Bauernstruktur.} (
23... Nde7 $5 $13) 24. dxc5 Nde7 25. Be3 (25. Bf4 Rd4 26. Bg3 Bd7 27. b4 a6 (
27... Nxf5 28. Nxf5 Bxf5 29. b5 $36) 28. Be4 $14) 25... Kf7 26. b4 {Droht 27.
b5 mit großem Übergewicht.} a6 27. Be4 {Weiß übt spürbar positionellen Druck
aus.} Ne5 28. Rad1 Rxd1 29. Rxd1 N7c6 (29... g5 30. fxg6+ hxg6 31. Nf3 $14) (
29... a5 30. b5 $14 {[%csl Gb5,Gc5]}) 30. Bf4 {Die schwarzen Springer sind
gefesselt.} Ke8 31. Ng2 $1 {[%csl Gg2][%cal Gg2e3,Ge3c4,Gc4d6,Gc4b6,Ge3d5]
[%mdl 2048] Endlich gelangt der Springer zurück ins Spiel - Schwarz hat viele
Felderschwächen am Damenflügel.} Bd7 {Interessant - das ist der erste Zug
dieses Läufers in der Partie.} 32. Ne3 $16 {Die weißen Figuren stehen
ausgezeichnet, Schwarz hingegen findet kein Gegenspiel und verharrt in einer
passiven Stellung.} Rd8 33. Bxe5 $1 {Das ist der richtige Moment - der Pb7 ist
nicht verteidigt, daher kann Schwarz nicht mit dem Springer zurückschlagen.}
fxe5 34. Rd6 {[%csl Gd6,Ge3,Ge4][%cal Gf5f6] Weiß hat große Aktivität und
viele positionelle Drohungen - z.B. 35.Nc4, oder 35.f6.} Rb8 35. f6 gxf6 36.
Rxf6 {[%csl Rh7] Der schwarze h-Bauer ist nicht mehr zu halten.} Nd4 37. Rh6
Ne2+ 38. Kf2 Nc3 39. Bg2 (39. Bxh7 $16) 39... Kd8 40. Rxh7 $18 {[%csl Gh2,Gh7]
Weiß hat einen Mehrbauern, und sein Ph2 ist immer gefährlich. Schwarz steht
vor dem Problem, dass er sich nicht vom Druck seines Gegners befreien kann.}
Kc7 41. Nc4 {Droht 41.Nxe5 und 42.Nb6. Schwarz gab in dieser hoffnungslosen
Stellung auf.} 1-0

[Event "Swidnica"]
[Site "Swidnica"]
[Date "1999.03.26"]
[Round "3"]
[White "Gritsak, Orest"]
[Black "Jaracz, Pawel"]
[Result "1-0"]
[WhiteElo "2521"]
[BlackElo "2439"]
[Annotator "Ribli,Z"]
[PlyCount "73"]
[EventDate "1999.03.??"]
[EventType "tourn"]
[EventRounds "9"]
[EventCountry "POL"]
[EventCategory "10"]
[SourceTitle "CBM 071"]
[Source "ChessBase"]
[SourceDate "1999.08.01"]
[SourceVersion "1"]
[SourceVersionDate "1999.08.01"]
[SourceQuality "1"]

{[%mdl 16448]} 1. Nf3 Nf6 2. c4 c5 3. Nc3 Nc6 4. g3 d5 5. cxd5 (5. d4 {Das ist
Tals Idee. Heutzutage ist diese Variante besonders in Superturnieren in Mode.
In symmetrischer Stellung hat Weiß ein Tempo mehr. Ribli.}) 5... Nxd5 6. Bg2
Nc7 {Mit diesem Zug umgeht Schwarz das wohlbekannte Motiv 6...e5? 7.Nxe5. Die
Alternativen 6...g6 oder 6...e6 sind auch gut spielbar.} 7. O-O e5 8. d3 Be7 {
Schwarz hat ein starkes Bauernzentrum und kontrolliert das Feld d4. Der
Nachteil des Systems ist, daß Weiß mit späterem f2-f4 schnell aktiv werden
kann.} 9. Nd2 Bd7 10. Nc4 {[%csl Gc4]} f6 (10... O-O 11. Bxc6 Bxc6 12. Nxe5 Be8
$44 {Schwarz hat dank seines Läuferpaares etwas Kompensation, aber meines
Erachtens besitzt Weiß die besseren Chancen.}) 11. f4 b5 12. Ne3 exf4 (12...
Rc8) (12... Rb8 {Wenn Schwarz diesen Zug spielen möchte, muß er wie in der
Partie zuerst auf f4 tauschen.} 13. Nf5 $5 Bxf5 14. Bxc6+ Bd7 15. Bxd7+ Qxd7
16. fxe5 fxe5 (16... Qd4+ $2 17. Kg2 Qxe5 18. Bf4 Qe6 19. Bxc7 Qc6+ 20. Nd5 $1
Qxd5+ 21. e4 $18) 17. Ne4 $14 {[%csl Ge4]}) 13. gxf4 (13. Nf5 $5) 13... Rb8 14.
a4 {Ein typisches Motiv. Weiß möchte Schwächen am schwarzen Damenflügel
schaffen. Nach z.B. 14...b4, wäre das Feld c4 ein schöner Springervorposten.} (
14. Bd2) 14... a6 (14... b4 15. Ncd5 O-O 16. Nc4 Be8 17. Nxc7 Qxc7 18. Bd5+ Bf7
19. Bxf7+ Rxf7 20. b3 f5 21. Bb2 Bf6 22. Ra2 Re8 23. e3 Bxb2 24. Rxb2 Rd8 25.
Rd2 Qe7 26. Rf3 Qf6 {1/2-1/2 Maksimenko,A-Kragelj,I/Nova Gorica 1996/CBM 51
ext (48)}) 15. axb5 axb5 16. Ned5 {[%csl Gd5] Weiß entfaltet Initiative, aber
wenn Schwarz die sofortigen Drohungen übersteht, hat er dank der
beiderseitigen Schwächen auch seine Chancen.} O-O 17. Nxc7 (17. Be3 Re8 18.
Nxc7 Qxc7 19. Nd5 Qd8 20. Rc1 Nd4 21. b4 Bh3 22. Bxd4 Bxg2 23. Nxe7+ Rxe7 24.
Bxc5 Bxf1 25. Bxe7 Qxe7 26. Qxf1 Qxb4 27. Qf3 Qd4+ 28. Qf2 Qd7 {1/2-1/2
Bischoff,K-Seppeur,R/BL8283 1983/GER-chT (47)}) 17... Qxc7 18. Nd5 Qd8 19. Ra6
{Es droht 20.Rxc6 Bxc6 21.Nxe7+ mit Gewinn.} (19. Be3 Kh8 20. Bf2 Re8 21. Rc1
Nd4 22. e3 Nc6 23. e4 c4 24. dxc4 bxc4 25. Rxc4 Rxb2 26. Qc1 Na5 27. Rc7 Rb7
28. Qc3 Rxc7 29. Nxc7 Bb4 30. Qxb4 Qxc7 31. Bb6 Nc6 32. Bxc7 Nxb4 {1/2-1/2
Ljubojevic,L-Lautier,J/Monaco 1996/CBM 52 ext (63)}) (19. Nxe7+ Qxe7 $11) 19...
Nd4 $6 {Dieser Zug ist scheinbar aktiv, aber der prophylaktische Königszug ...
Kh8 ist meines Erachtens besser.} (19... Kh8 $5 {Jetzt kommt 20.Rxc6 Bxc6 21.
Nxe7 nicht mit Schach.} 20. f5 Bd6 21. Bf4 Be5 22. Bxe5 Nxe5 23. Be4 Bc6 24.
Nc3 Qd4+ 25. Kh1 Bxe4+ 26. Nxe4 c4 {0-1 Kavalerov,A-Labutin,S/Leningrad 1990/
CBM 18 ext (37)}) 20. e3 Nf5 (20... Ne6 21. f5 Nc7 22. Ra7 Bd6 $5) (20... Nc6
$2 21. Rxc6 $16) 21. Qh5 $13 {[%csl Ga6,Gd5,Gh5]} Bd6 (21... Re8 {[%cal Ge7f8]}
) 22. Ra7 {[%cal Ga7h7]} g6 {Dieser Zug schwächt die schwarze Königsstellung.
Es wäre besser, mit dem g-Bauern auf g7 zu bleiben.} (22... Be6) 23. Qh3 c4 {
[%cal Gd6c5,Gc5a7,Gc5g1]} (23... Rf7 24. e4 Bf8 (24... c4 25. d4 {Das ist mit
Zugumstellung die Partiestellung.}) 25. Bd2 $14 (25. exf5 $2 Bxf5 {[%cal Rf7a7,
Rf5h3]})) 24. d4 $14 Rf7 25. e4 Bf8 (25... Nxd4 26. Rxd7 Rxd7 27. Qxd7 Qxd7 28.
Nxf6+ $18 {[%cal Rf6d7,Rf6g8]}) 26. Bd2 {[%cal Gd2a5,Ga5d8,Gf1a1,Ga1a7] Es
droht eventuell Ba5 und Weiß kann seine Türme verbinden.} (26. exf5 Bxf5 {
[%cal Rf7a7,Rf5h3]}) 26... b4 (26... Nxd4 27. Rxd7 Rxd7 28. Qxd7 Qxd7 29. Nxf6+
$18 {[%cal Rf6g8,Rf6d7]}) 27. Rfa1 {Jetzt droht bereits 28.exf5, denn nach 28..
.Bxf5 ist der a7-Turm verteidigt.} Be6 28. Rxf7 Bxf7 29. Ra7 $16 {[%csl Rf5]
[%cal Ga7h7] Der weiße Turm steht ausgezeichnet auf der siebten Reihe, der
f5-Springer findet kein gutes Feld und wegen 22...g6 kann Schwarz nicht 29...
Bxd5 spielen wegen 30.Qxh5 Matt.} c3 (29... Nh6 30. Rd7 $16 {[%csl Rf6]}) 30.
bxc3 b3 {[%cal Rb3b2,Rb2b1]} (30... bxc3 31. Bxc3 Rb1+ 32. Kf2 $16) 31. Bc1 {
[%cal Gc1b2]} b2 32. Bxb2 Rxb2 {[#]} 33. Rd7 $1 $18 {Das ist das
Schlüsselmotiv dieser Partie. Der Punkt f6 ist schwach und daher der Turm d7
tabu.} Rb1+ (33... Qxd7 34. Nxf6+ $18 {[%cal Rf6g8,Rf6d7]}) 34. Kf2 (34. Bf1
$18) 34... Rb2+ 35. Kg1 Rb1+ 36. Bf1 Ne3 {Anstelle der sofortigen
Partieaufgabe spielt Schwarz noch diesen Zug.} 37. Rxd8 {Schwarz gab auf.} (37.
Rxd8 Rxf1+ 38. Qxf1 Nxf1 39. Kxf1 $18) (37. Nxe3 $18) 1-0

[Event "Rimavska Sobota"]
[Site "Rimavska Sobota"]
[Date "1991.??.??"]
[Round "8"]
[White "Gross, Stefan"]
[Black "Lputian, Smbat G"]
[Result "0-1"]
[WhiteElo "2435"]
[BlackElo "2565"]
[Annotator "Ribli,Z"]
[PlyCount "72"]
[EventDate "1991.05.??"]
[EventType "tourn"]
[EventRounds "13"]
[EventCountry "CSR"]
[EventCategory "9"]
[SourceTitle "CBM 024"]
[Source "ChessBase"]
[SourceDate "1991.10.01"]
[SourceVersion "1"]
[SourceVersionDate "1991.10.01"]
[SourceQuality "1"]

1. c4 c5 2. g3 Nf6 3. Bg2 Nc6 4. Nf3 d5 5. cxd5 Nxd5 6. Nc3 Nc7 7. d3 e5 8. O-O
Be7 9. Nd2 O-O $6 (9... Bd7 10. Nc4 f6 11. f4 b5 12. Ne3 exf4 13. gxf4 Rb8 14.
a4 a6 15. axb5 axb5 16. Ned5 O-O 17. Nxc7 Qxc7 18. Nd5 Qd8 19. Ra6 Kh8 $13 {
Kavalerov,A-Labutin,S Leningrad 1990 EXP/18}) 10. Bxc6 bxc6 11. Nc4 f6 12. Qa4
Bh3 13. Re1 Qd7 14. Be3 Kh8 15. Rac1 Nd5 16. Ne4 Nxe3 17. Nxe3 Qd4 18. Qxc6 f5
19. Nc3 f4 20. Ned1 Bg5 $44 21. Rc2 Rac8 22. Qb7 c4 23. Nb5 Qd8 24. Ndc3 a6 25.
Na3 cxd3 26. exd3 Qxd3 27. Qe4 Qd7 28. Rd1 Qf7 29. Qxe5 fxg3 30. Qxg3 Bf5 31.
Re2 Qh5 32. Ree1 Qh6 33. Nd5 Rcd8 34. Ne7 Bh3 35. Nc4 Bf4 36. Nf5 Bxf5 0-1